KOHA-Header-6

Management (Record no. 7092)

000 -LEADER
fixed length control field 00218nam a2200109Ia 4500
020 ## - INTERNATIONAL STANDARD BOOK NUMBER
ISBN 9780750619097
100 ## - MAIN ENTRY--AUTHOR NAME
Personal name Peter F. Drucker
245 #0 - TITLE STATEMENT
Title Management
260 ## - PUBLICATION, DISTRIBUTION, ETC. (IMPRINT)
Place of publication USA
Name of publisher Dorling
Year of publication 1995
300 ## - PHYSICAL DESCRIPTION
Number of Pages 575
942 ## - ADDED ENTRY ELEMENTS (KOHA)
Koha item type Books
Holdings
Withdrawn status Lost status Collection code Permanent Location Current Location Shelving location Date acquired Full call number Accession Number Koha item type
    Management MAJU MAJU   2019-09-12 658.4 739 Management

Powered by Koha